000 00325 a2200145 4500
999 _c12178
_d12178
003 OSt
005 20231223165044.0
008 231223b ||||| |||| 00| 0 eng d
020 _a9789812459695
082 _a720
100 _aPageone
245 _aModern Architecture in Thailand : 002
260 _bPageone
942 _2ddc